书目信息 |
| 题名: |
美国人
|
|
| 作者: | 布尔斯廷 著 ;时殷弘 译 | |
| 分册: | 殖民地历程 | |
| 出版信息: | 上海 上海译文出版社 2017.05 |
|
| 页数: | 399页 | |
| 开本: | 22cm | |
| 丛书名: | ||
| 单 册: | ||
| 中图分类: | K712.0 | |
| 科图分类: | ||
| 主题词: | ||
| 电子资源: | ||
| ISBN: | 978-7-5327-7485-2 | |
| 000 | 01203nam 2200277 450 | |
| 001 | 202019138208 | |
| 005 | 20191026133322.0 | |
| 010 | @a978-7-5327-7485-2@b精装@dCNY96.00 | |
| 100 | @a20191025d2017 em y0chiy50 ea | |
| 101 | 1 | @achi@ceng |
| 102 | @aCN@b310000 | |
| 105 | @ay z 000yy | |
| 106 | @ar | |
| 200 | 1 | @a美国人@Amei guo ren@i殖民地历程@f(美) 丹尼尔·布尔斯廷著@d= The Americans@iThe colonial experience@fDaniel J. Boorstin@g时殷弘等译@zeng |
| 210 | @a上海@c上海译文出版社@d2017.05 | |
| 215 | @a399页@d22cm | |
| 305 | @a本书根据纽约兰登书屋出版公司1958年版译出 | |
| 330 | @a本书描述了一幅两百年来美国历史、政治、经济、文化以及社会生活变迁的长卷, 述平凡以喻伟大, 殖民地初辟时代的美国。现代美国各州的格局和特色的形成, 美国人大胆探索、不拘一格的性格的来源, 清教、贵格会等教派的缘起, 《独立宣言》的内幕, 凡此种种均在本书中有详尽生动的描述。 | |
| 500 | 10 | @aAmericans@iThe colonial experience@mChinese |
| 517 | 1 | @a殖民地历程@Azhi min di li cheng |
| 607 | @a美国@Amei guo@x历史 | |
| 690 | @aK712.0@v5 | |
| 701 | 1 | @a布尔斯廷@Abu er si ting@g(Boorstin, Daniel J.)@4著 |
| 702 | 0 | @a时殷弘@Ashi yin hong@4译 |
| 801 | 0 | @aCN@c20190905 |
| 905 | @a河南城建学院图书馆@dK712.0@eB981-3 | |
| 美国人.殖民地历程/(美) 丹尼尔·布尔斯廷著= The Americans.The colonial experience/Daniel J. Boorstin/时殷弘等译.-上海:上海译文出版社,2017.05 |
| 399页;22cm |
| ISBN 978-7-5327-7485-2(精装):CNY96.00 |
| 本书描述了一幅两百年来美国历史、政治、经济、文化以及社会生活变迁的长卷, 述平凡以喻伟大, 殖民地初辟时代的美国。现代美国各州的格局和特色的形成, 美国人大胆探索、不拘一格的性格的来源, 清教、贵格会等教派的缘起, 《独立宣言》的内幕, 凡此种种均在本书中有详尽生动的描述。 |
| ● |
| 相关链接 |
|
|
|
正题名:美国人
索取号:K712.0/B981-3
 
预约/预借
| 序号 | 登录号 | 条形码 | 馆藏地/架位号 | 状态 | 备注 |
| 1 | 1456334 | 214563346 | 社科库309/309社科库 41排3列1层/ [索取号:K712.0/B981-3] | 在馆 |